| 000 | 00491nam a22001937a 4500 | ||
|---|---|---|---|
| 003 | OSt | ||
| 005 | 20140310181716.0 | ||
| 008 | 130122t xxu||||| |||| 00| 0 eng d | ||
| 050 |
_aDS 881 _b.B38 1973 |
||
| 082 |
_aHS 911.3 _bB35 1963 |
||
| 245 |
_aThe Modern history of Japan _cW. G. Beasley. |
||
| 260 |
_aNew York : _bPraeger, _c c1973. |
||
| 300 |
_a358 p. : ill. ; _c20 cm. |
||
| 521 | _aGrade 9 | ||
| 526 | _c960L-to-1110L | ||
| 541 | _j1 | ||
| 562 | _e1 | ||
| 942 |
_2lcc _cHS |
||
| 999 |
_c1792 _d1792 |
||